000 00308nam a2200121Ia 4500
008 191201s2011 xx 000 0 und d
100 _aHELFAND, Lewis
245 0 _aWright Brothers
260 _bKalyani Navyug Media Pvt Ltd
_c2011
_aNew Delhi
300 _a68
650 _aGeneral Books
942 _2ddc
_cBK
999 _c6786
_d6786